Statistiche per Canzoni Vincitrici Premio per il miglior testo del Festival di Sanremo

Clicka qui per fare il quiz!

Statistiche generali

  • Questo quiz è stato fatto 11 volte
  • Il punteggio medio è 4 su 11

Statistiche sulle risposte

AnnoVincitore Premio per il miglior testoCanzone vincitrice% Corretto
2017Fiorella MannoiaChe sia benedetta
75%
2019Daniele SilvestriArgentovivo
63%
2021MadameVoce
63%
2016Francesco GabbaniAmen
50%
2023Coma_CoseL'addio
50%
2020RancoreEden
38%
2022Fabrizio MoroSei tu
13%
2018MirkoeilcaneStiamo tutti bene
13%
2014Cristiano De AndréInvisibili
0%
2013Il CileLe parole non servono più
0%
2015KaligolaOltre il giardino
0%

Distribuzione punteggi

Percentile per numero di risposta

Percentuale di utenti per punteggio

I tuoi punteggi nel tempo

Non hai fatto questo quiz